Liedtext - Vermissen - Juju feat. Henning May - Statistiken

Allgemein
  • Dieses Quiz wurde 1.666 mal gespielt
  • Das Durchschnittsergebnis liegt bei 272 aus 365
Antwortstatistiken
Textquiz % Korrekt
'n
99%
Ich
98%
ich
98%
so
98%
vermisse
98%
wie
98%
Wie
98%
dich
96%
in
95%
Augen
94%
kann
94%
krass
94%
man
94%
Diese
93%
jemand
93%
Augenblick
92%
scheiß
91%
diesem
89%
vermissen
89%
du
87%
Du
87%
war
86%
nicht
84%
bin
83%
wir
83%
Wir
83%
es
82%
Es
82%
ein
81%
grade
79%
Und
79%
und
79%
dir
78%
ist
78%
oder
78%
wieder
78%
noch
77%
als
75%
das
75%
der
75%
schreibe
75%
Soll
75%
will
74%
zerrissen
74%
am
73%
einfach
73%
mehr
73%
war'n
73%
Weißt
73%
schreiben
72%
hab'
71%
Bis
70%
Meer
70%
wissen
69%
an
67%
was
67%
haben
66%
bist
65%
den
65%
vorbei
65%
auf
63%
gefickt
63%
schon
63%
warum
63%
wenn
63%
her
62%
ab
61%
Himmel
61%
lang
61%
mir
61%
Alle
60%
machst
60%
uns
60%
bei
58%
high
58%
ohne
58%
zu
58%
immer
57%
allein
56%
Baby
55%
dass
55%
Mal
55%
meine
55%
mich
55%
denk'
54%
Hat
53%
meintest
53%
bleiben
52%
Haut
52%
Meersalz
52%
stern'nklar
52%
Mit
51%
Unsre
51%
unsre
51%
wirst
51%
dem
50%
aus
49%
Bus
48%
deinem
48%
doch
48%
ob
48%
Schwerkraft
48%
Nur
47%
geglitzert
46%
gehen
46%
Leben
46%
nichts
46%
aussteig'
45%
braunen
45%
Feigling
45%
lassen
45%
riech'
45%
Shirt
45%
bleibt
44%
häng'
44%
wach
44%
weil
44%
Bars
43%
Duft
43%
fair
43%
letztes
43%
nachts
43%
schmerzhaft
43%
Tourbus
43%
ändert
42%
beiden
42%
nie
42%
sehen
42%
alleine
41%
irgendwelchen
41%
einmal
40%
machen
40%
muss
40%
besoffen
39%
frag'
39%
groß
39%
klar
39%
merke
39%
sich
39%
wird
39%
heut
38%
meinem
38%
Musik
38%
Wohnung
38%
Aber
37%
Brieftasche
37%
Glas
37%
Steige
37%
wart'
37%
Absturz
36%
bloß
36%
Denn
36%
füll'
36%
Signal
36%
spiegeln
34%
ablenken
33%
Guck
33%
rumzuschweben
33%
Augenringe
32%
zerstört
31%
Wünsche
28%
Keine übereinstimmenden Quizze gefunden
Verteilung der Resultate
Anzahl Personen mit jedem Resultat
Perzentil nach korrekt beantworteten Fragen
Ihre Resultats-Entwicklung
Sie haben dieses Quiz noch nicht gespielt